[Event "Ramat Gan Shavuot op"]
[Site "Ramat Gan"]
[Date "2023.05.25"]
[Round "3"]
[White "Hertz, Yaniv"]
[Black "Noy, Eyal"]
[Result "0-1"]
[WhiteElo "1877"]
[BlackElo "2141"]
[PlyCount "98"]
[EventDate "2023.05.25"]
[EventType "swiss (rapid)"]
[EventRounds "6"]
[EventCountry "ISR"]
[SourceTitle "CBM 214 Extra"]
[Source "ChessBase"]
[SourceDate "2023.07.31"]
[SourceVersion "1"]
[SourceVersionDate "2023.07.31"]
[SourceQuality "1"]

1. e4 d5 2. exd5 Qxd5 3. Nc3 Qd6 4. d4 Nf6 5. g3 Bg4 6. Qd3 Nc6 7. Be3 0-0-0 8. f3 Bh5 9. 0-0-0 Bg6 10. Qc4 e6 11. Bf4 Qd7 12. h4 Nd5 13. Nxd5 exd5 14. Qb5 a6 15. Qa4 h5 16. Ne2 Kb8 17. Nc3 Be7 18. Bh3 Bf5 19. Bxf5 Qxf5 20. Rhe1 Rhe8 21. Kb1 Bxh4 22. Bxc7+ Kxc7 23. gxh4 Rxe1 24. Rxe1 Qxf3 25. a3 Qf2 26. Re2 Qg1+ 27. Ka2 Qxd4 28. Re7+ Rd7 29. Qxd4 Nxd4 30. Nxd5+ Kd6 31. Rxd7+ Kxd7 32. Nf4 g6 33. c3 Nf3 34. Ng2 f6 35. Kb3 g5 36. Kc4 Nxh4 37. Ne3 Nf3 38. Kd5 h4 39. Ng4 Ke7 40. Ke4 Nd2+ 41. Kf5 h3 42. Nh2 Nc4 43. Kg4 Nxb2 44. Kxh3 Na4 45. c4 Nb6 46. c5 Nd7 47. Kg4 Ke6 48. Nf3 Ne5+ 49. Nxe5 Kxe5 0-1